000
00310 a2200145 4500
003
Nust
005
20170207153409.0
040
_c
Nust
082
_a
891.941
100
_a
Khan,Muhammad
245
_a
Buzm-e-Araian
_c
Col Muhammad Khan
260
_a
Lahore
_b
Ghalib pub
300
_a
232:p
650
_a
Urdu literature
942
_2
ddc
_c
BK
999
_c
185298
_d
185298